L'honneur (Запис номер 430292)
[ съкратено ]
| 000 -Лидер | |
|---|---|
| Контролно поле с фиксирана дължина | nam a22 a 4500 |
| 003 - Код на организацията, давaща контролен номер | |
| Контролно поле | BLK |
| 005 - Дата и час на последна редакция | |
| Контролно поле | 20210827083107.0 |
| 008 - Елементи от данни с фиксирана дължина | |
| fixed length control field | 210827b bu |||||r|||| 00| | bu d |
| 040 ## - Източник на каталожния запис | |
| Идентификатор на билиотеката - собственик на записа | BLK |
| 041 ## - Код за език | |
| Код за езика на текст/звукозапис или на отделно заглавие | Френски |
| Код за езика КДБФ | Френски |
| 080 ## - УДК | |
| Текстов определител УДК | Немска литература |
| УДК код - определител по УДК | 821.112.2 |
| УДК определител | -2 |
| УДК - код + определител | 821.112.2-2 |
| 100 ## - Редна дума - Автор | |
| R(LIN) | 1299 |
| Автор | Sudermann, Hermann |
| Авторска отговорност | първи автор |
| 139 ## - Редно поле | |
| Редна дума | Sudermann, Hermann |
| 245 ## - Сведения за заглавието | |
| Заглавие | L'honneur |
| Подзаглавни данни | Comédie en 4 actes |
| Редно поле (дума) | Hermann Suderman ; trad. de Maurice Rémon et N. Valentin |
| 257 ## - Страна на издаване | |
| Страна на създаване/издаване | Франция |
| 260 ## - Област на издателските данни | |
| 9 (RLIN) | 447085 |
| Място на издаване, разпространение и проч. | Paris |
| Име на издателя, разпространителя и проч. | L'Illustration |
| Година на издаване | 1901 |
| 300 ## - Физическа характеристика | |
| Страници | 29 p. |
| Илюстрации и др. | ill. |
| Размери/Мащаб | 30 cm |
| 380 ## - Жанр | |
| Жанр | Худож. лит. |
| 490 ## - СЕРИИ (Колекции) | |
| 9 (RLIN) | 463172 |
| Име на серия | L'Illustration |
| №: серия | № 3060 |
| 700 ## - Други автори (авторска отговорност) | |
| 9 (RLIN) | 284 |
| Лично име | Rémon, Maurice |
| Автороска отговорност (Описва отношението между автора и произведението) | trad. |
| 852 ## - Местоположение | |
| Форматна сигнатура | Цб 8.295.9 |
| Фондова буква | Основен фонд - ползва се само за читалня |
| 999 ## - СИСТЕМНИ КОНТРОЛНИ НОМЕРА | |
| Koha biblionumber | 430292 |
| Koha biblioitemnumber | 430292 |
| 942 ## - АРТИКУЛИ | |
| Вид на библиотечния материал | Книги |
| Скрит в OPAC | Не |
| Периодичен библиозапис | Да |
| 944 ## - СЪЗДАВАНЕ И РЕДАКЦИЯ на ЗАПИСА | |
| Създаване/Редакция | Създаване |
| Дата на регистрацията/редакция | 2021-08-27 |
| Служител, извършил регистрацията/редакцията | ВП |
| Код за отписване | Код за изгубен артикул | Източник на класификационната схема | Код за повреда | Коз за рестрикции | Код за отдаване | Артикулен № | Име на библиотеката - собственик | Име на библиотеката, в която се намира в момента | Статус (Текущо местоположение) | Дата на вписване в системата | Местоположение - отдел | Цена в лева | Инвентарен номер | Систематично азбучна сигнатура | Баркод | Цена в евро | Служебен тип на артикула |
|---|---|---|---|---|---|---|---|---|---|---|---|---|---|---|---|---|---|
| Не е изгубен | Universal Decimal Classification | Не е повреден | само за читалня | ползва се в читалня | 850898 | Регионална библиотека "Любен Каравелов" Русе | Регионална библиотека "Любен Каравелов" Русе | Хранилище | 2021-08-30 | Основен фонд - ползва се само за читалня | 0.02 | 9 | Цб 8.295.9 | 900000076439 | 0.01 | Книги |